Doce al patíbulo (Registro nro. 51508)

Detalles MARC
000 -ENCABEZADO
Número de control [NR] 02159nam a2200349Ia 4500
005 - FECHA Y HORA DE LA ÚLTIMA TRANSACCIÓN
control field 20140410171921.0
008 - DE LONGITUD FIJA DE DATOS DE ELEMENTOS - INFORMACIÓN GENERAL
Elementos de longitud fija [NR] 130821s1967 xx a gs mul
040 ## - FUENTE DE CATALOGACION [NR]
Agencia de catalogación original [NR] Co-BoUCM
Idioma de catalogación [NR] spa
041 00 - CODIGO DE IDIOMA [R]
Código de idioma para texto/pista de sonido o título separado [R] Español
-- Inglés
-- Portugués
-- Francés
092 ## - SIGNATURA TOPOGRAFICA LOCAL
Número de clasificación local DVD 0175
245 10 - MENCION DE TITULO [NR]
Título [NR] Doce al patíbulo
Mención de responsabilidad, etc. [NR] [DVD]
246 ## - FORMA VARIANTE DEL TITULO [R]
Título propiamente dicho/forma breve del título [NR] Doce del patíbulo
260 ## - PUBLICACION, DISTRIBUCION, ETC. (PIE DE IMPRENTA) [R]
Lugar de publicación, distribución, etc. [R] [Lugar desconocido]
Nombre del editor, distribuidor, etc. [R] Metro-Goldwyn Mayer
Fecha de publicación, distribución, etc. [R] 1967
300 ## - DESCRIPCION FISICA [R]
Extensión [R] 1 DVD
Otros detalles físicos [NR] son., color
500 ## - NOTA GENERAL [R]
Nota general [NR] Basada en el libro "The dirty dozen", de E.M. Nathanson.
500 ## - NOTA GENERAL [R]
Nota general [NR] SINOPSIS : El mayor Reisman (Lee Marvin), un militar indisciplinado, recibe la orden de realizar una misión suicida, consistente en asaltar una mansión en la que el ejército alemán tiene instalado un puesto de alto mando. Para ello deberá reclutar prisioneros militares condenados a muerte o a cadena perpetua. Una vez ha seleccionado sus hombres, el mayor los entrena con mano dura pero justa, con lo que se gana la confianza del grupo. Cuando llega el momento, todos están preparados para llevar a cabo la misión.
508 ## - NOTA DE CREDITOS DE CREACION/PRODUCCION [R]
Nota de créditos de creación/producción [NR] CREDITOS : Dirección, Robert Aldrich; Producción, Raymond Anzarut Kenneth Hyman; Guión, Nunnally Johnson, Lukas Heller; Música, Frank De Vol; Fotografía, Edward Scaife.
511 ## - NOTA DE PARTICIPANTE O INTERPRETE [R]
Nota de participante o intérprete [NR] Lee Marvin, Charles Bronson, John Cassavetes, Telly Savalas, Donald Sutherland, Richard Jaeckel, Ernest Borgnine, Robert Ryan, George Kennedy, Robert Webber, Trini López, Jim Brown, Clint Walker.
546 ## - NOTA DE IDIOMA [R]
Nota de idioma [NR] Audio en Inglés. Subtítulos en Español, Inglés, Portugués y Español.
630 0# - ASIENTO SECUNDARIO DE MATERIA - TITULO UNIFORME [R]
Título uniforme [NR] The dirty dozen
Subdivisión de forma [R] Versiones cinematográficas
-- DVD
9 (RLIN) 4884
650 04 - ASIENTO SECUNDARIO DE MATERIA - TERMINO TEMATICO [R]
Término temático o nombre geográfico como elemento de entrada [NR] Entretenimiento
9 (RLIN) 26487
650 04 - ASIENTO SECUNDARIO DE MATERIA - TERMINO TEMATICO [R]
Término temático o nombre geográfico como elemento de entrada [NR] Literatura estadounidense
9 (RLIN) 18653
650 04 - ASIENTO SECUNDARIO DE MATERIA - TERMINO TEMATICO [R]
Término temático o nombre geográfico como elemento de entrada [NR] Militares en el cine
Subdivisión de forma [R] DVD
9 (RLIN) 19552
650 04 - ASIENTO SECUNDARIO DE MATERIA - TERMINO TEMATICO [R]
Término temático o nombre geográfico como elemento de entrada [NR] Novela estadounidense
Subdivisión de forma [R] Versiones cinematográficas
-- DVD
9 (RLIN) 20501
650 04 - ASIENTO SECUNDARIO DE MATERIA - TERMINO TEMATICO [R]
Término temático o nombre geográfico como elemento de entrada [NR] Películas cinematográficas
Subdivisión geográfica [R] Estados Unidos
Subdivisión de forma [R] DVD
9 (RLIN) 7903
700 1# - ASIENTO SECUNDARIO - NOMBRE PERSONAL [R]
Nombre personal [NR] Aldrich, Robert
Fechas asociadas con el nombre [NR] 1918-1983.
700 1# - ASIENTO SECUNDARIO - NOMBRE PERSONAL [R]
Nombre personal [NR] Nathanson, E.M.
Fechas asociadas con el nombre [NR] 1928-
710 2# - ASIENTO SECUNDARIO - NOMBRE CORPORATIVO [R]
Nombre corporativo o de jurisdicción como elemento de entrada [NR] Metro-Goldwyn-Mayer
765 #4 - ASIENTO DE IDIOMA ORIGINAL [R]
Asiento principal [NR] The dirty dozen
856 04 - LOCALIZACION Y ACCESO ELECTRONICOS [R]
Identificador Uniforme del Recurso (“URI”) [R] <a href="http://www.youtube.com/watch?v=EJzoMeNWYWs">http://www.youtube.com/watch?v=EJzoMeNWYWs</a>
Nota dirigida al público [R] Siga este vínculo para ver el trailer.
942 ## - ELEMENTOS DE ENTRADA AGREGADOS (KOHA)
Tipo de ítem principal el descrito en 300a Multimedia
Sistema de clasificación LOCAL
Tema principal Literatura
Edición 1
Existencias
Fecha de último préstamo Total préstamos Total Renewals Código de barras Última vez visto Volúmen / Fascículo Ejemplar Price effective from Tipo de ítem Perdido Sistema de clasificación Dañado No prestable Tipo de ítem específico Suprimido Ubicación habitual Ubicación actual Localización Fecha de creación Forma de adquisición Costo
09/02/2015 61 3 100081733 10/12/2024 DVD 0175 Ej.2 03/02/2013 Multimedia   DEWEY     DVD   Claustro Claustro Colección digital 19/02/2013   26000.00
07/05/2012     100079858 04/12/2025 DVD 0175 Ej.1 03/02/2013 Multimedia   LOCAL   Préstamo restringido DVD   Procesos Técnicos Procesos Técnicos (no para préstamo) Procesos Técnicos 19/02/2013 Compra 44900.00